Singapore : Report on the Observance of Standards and Codes; FATF Recommendations for Anti-Money Laundering and Combating the Financing of Terrorism.

Singapore's compliance with the Observance of Standards and Codes on Financial Action Task Force (FATF) recommendations for Anti-Money Laundering (AML) and Combating the Financing of Terrorism (CFT) is reviewed. Singapore's AML/CFT efforts are centered on having a sound and comprehensive l...

Повний опис

Бібліографічні деталі
Співавтор: International Monetary Fund
Формат: Журнал
Мова:English
Опубліковано: Washington, D.C. : International Monetary Fund, 2009.
Серія:IMF Staff Country Reports; Country Report ; No. 2009/066
Онлайн доступ:Full text available on IMF
LEADER 01754cas a2200241 a 4500
001 AALejournalIMF005647
008 230101c9999 xx r poo 0 0eng d
020 |c 5.00 USD 
020 |z 9781451834291 
022 |a 1934-7685 
040 |a BD-DhAAL  |c BD-DhAAL 
110 2 |a International Monetary Fund. 
245 1 0 |a Singapore :   |b Report on the Observance of Standards and Codes; FATF Recommendations for Anti-Money Laundering and Combating the Financing of Terrorism. 
264 1 |a Washington, D.C. :  |b International Monetary Fund,  |c 2009. 
300 |a 1 online resource (24 pages) 
490 1 |a IMF Staff Country Reports 
500 |a <strong>Off-Campus Access:</strong> No User ID or Password Required 
500 |a <strong>On-Campus Access:</strong> No User ID or Password Required 
506 |a Electronic access restricted to authorized BRAC University faculty, staff and students 
520 3 |a Singapore's compliance with the Observance of Standards and Codes on Financial Action Task Force (FATF) recommendations for Anti-Money Laundering (AML) and Combating the Financing of Terrorism (CFT) is reviewed. Singapore's AML/CFT efforts are centered on having a sound and comprehensive legal, institutional, policy and supervisory framework, maintaining a low domestic crime rate, fostering intolerance for domestic corruption, and ensuring an efficient judiciary. Singapore has systematically taken steps to address many of the recommendations that have been made in its second FATF mutual evaluation in 1998-99. 
538 |a Mode of access: Internet 
830 0 |a IMF Staff Country Reports; Country Report ;  |v No. 2009/066 
856 4 0 |z Full text available on IMF  |u http://elibrary.imf.org/view/journals/002/2009/066/002.2009.issue-066-en.xml  |z IMF e-Library